Normal view
MARC view
Entry Personal Name
001 - CONTROL NUMBER
- control field: 17485
003 - CONTROL NUMBER IDENTIFIER
- control field: OSt
005 - DATE AND TIME OF LATEST TRANSACTION
- control field: 20240619095356.0
008 - FIXED-LENGTH DATA ELEMENTS
- fixed length control field: 240619|| aca||aabn | a|a d
040 ## - CATALOGING SOURCE
- Original cataloging agency: OSt
- Transcribing agency: OSt
100 ## - HEADING--PERSONAL NAME
- Personal name: Pulliam, T. H.
- Fuller form of name: (Thomas H.),
- Dates associated with a name: 1951-
670 ## - SOURCE DATA FOUND
- Source citation: Work cat.: (OSt)8634: Lomax, Harvard. 17484, Fundamentals of computational fluid dynamics /, c2001.
